Dibujo técnico
Sparad:
| Huvudupphovsmän: | , |
|---|---|
| Materialtyp: | Bok |
| Språk: | spanska |
| Publicerad: |
Barcelona
Labor
1968
|
| Upplaga: | 2a. ed |
| Ämnen: | |
| Taggar: |
Lägg till en tagg
Inga taggar, Lägg till första taggen!
|
MARC
| LEADER | 00000nam a2200000 a 4500 | ||
|---|---|---|---|
| 001 | UCP2939 | ||
| 003 | CL-VaPUC | ||
| 008 | 990604e19680000SP |||||||||||||||||spa|d | ||
| 082 | 0 | 4 | |a 604.2 |b BAC |2 21 |
| 100 | 0 | |a Bachmann, Albert |e author |9 429956 | |
| 700 | 0 | |a Forberg, Richard |e author |9 429957 | |
| 245 | 1 | 0 | |a Dibujo técnico |
| 250 | |a 2a. ed | ||
| 300 | |a 311 p | ||
| 942 | |c BK | ||
| 945 | |d 19990604 00:00:00 |a cmena | ||
| 260 | |a Barcelona |b Labor |c 1968 | ||
| 650 | 7 | |a DIBUJOS TECNICOS |2 CL-VaPUC |9 360503 | |
| 650 | 7 | |a DISEÑOS INDUSTRIALES |2 CL-VaPUC |9 429958 | |
| 650 | 0 | |a Gráficas |9 264054 | |
| 650 | 7 | |a MECANICA INDUSTRIAL |2 CL-VaPUC |9 429959 | |
| 650 | 7 | |a ELEMENTOS DE MAQUINAS |2 CL-VaPUC |9 429960 | |
| 650 | 0 | |a Planos arquitectónicos |9 268148 | |
| 583 | |a last modification |c 19990604 00:00:00 |k Rodrigo Vera | ||
| 999 | |c 281401 |d 281399 | ||
| 952 | |0 0 |1 0 |4 0 |6 604_200000000000000_BAC_1968 |7 0 |8 R |9 322122 |a BIBMEC |b BIBMEC |d 2019-11-20 |i 1380796 |o 604.2 BAC 1968 |p 1380796 |r 2019-11-20 |w 2019-11-20 |y BK_R |k MEC | ||
| 952 | |0 0 |1 0 |4 0 |6 604_200000000000000_BAC_1968 |7 0 |8 R |9 322123 |a BIBMEC |b BIBMEC |d 2019-11-20 |i 138080K |o 604.2 BAC 1968 |p 138080K |r 2024-01-19 |w 2019-11-20 |y BK_R |k MEC | ||
| 952 | |0 0 |1 0 |4 0 |6 604_200000000000000_BAC_1968 |7 0 |8 R |9 322124 |a BIBMEC |b BIBMEC |d 2019-11-20 |i 2105756 |o 604.2 BAC 1968 |p 2105756 |r 2019-11-20 |w 2019-11-20 |y BK_R |k MEC | ||